The Oklahoma City bombing and the politics of terror /

Surveys events surrounding the bombing of the Oklahoma City Federal Building and scrutinizes the investigation by federal authorities.

Bibliographic Details
Main Author: Hoffman, David, 1953-
Format: Book
Language:English
Published: Venice, CA : Feral House, [1998]
Subjects:

MARC

Tag First Indicator Second Indicator Subfields
LEADER 00000cam a2200000 a 4500
001 in00001406743
005 20151020072910.0
008 980427s1998 cauach b 001 0 eng d
020 |a 0922915490 
035 |a (OCoLC)39022850 
035 |9 AHQ3698AM 
040 |a UPZ  |c UPZ  |d TXA  |d UtOrBLW 
043 |a n-us-ok 
049 |a TXAM 
090 |a HV6432  |b .H64 1998 
092 |a 364.164 
100 1 |a Hoffman, David,  |d 1953- 
245 1 4 |a The Oklahoma City bombing and the politics of terror /  |c David Hoffman ; [foreword by Charles Key]. 
264 1 |a Venice, CA :  |b Feral House,  |c [1998] 
264 4 |c ©1998 
300 |a xviii, 509 pages :  |b illustrations, portraits, facsimiles ;  |c 23 cm. 
336 |a text  |b txt  |2 rdacontent 
337 |a unmediated  |b n  |2 rdamedia 
338 |a volume  |b nc  |2 rdacarrier 
504 |a Includes bibliographical references (pages 423-452) and index. 
520 |a Surveys events surrounding the bombing of the Oklahoma City Federal Building and scrutinizes the investigation by federal authorities. 
650 0 |a Bombing investigation  |z Oklahoma  |z Oklahoma City. 
650 0 |a Oklahoma City Federal Building Bombing, Oklahoma City, Oklahoma, 1995. 
650 0 |a Terrorism  |z Oklahoma  |z Oklahoma City. 
650 0 |a Bombings  |z Oklahoma  |z Oklahoma City. 
650 0 |a Political violence  |z Oklahoma  |z Oklahoma City. 
948 |a c:dm 
999 |a MARS 
999 f f |s 959becd1-5044-37c9-a3f5-c9331bf76de6  |i d4f9f437-5374-31a9-87d2-77bd8dbe162e  |t 0 
952 f f |p ric  |a Texas A&M University  |b Rellis Campus  |c Joint Library Facility  |d Remote Storage  |t 0  |e HV6432 .H64 1998  |h Library of Congress classification  |i unmediated -- volume  |m A14823326422 
998 f f |a HV6432 .H64 1998  |t 0  |l Remote Storage